Ministřio pb︢lico e movimentos sociais encontros e desencontros Por um compromisso com as lutas sociais e a democracia /

Detalles Bibliográficos
Autor principal: Araujo Junior, Julio Još
Formato: eBook
Lenguaje:portugués
Publicado: Rio de Janeiro: Editora Processo, 2021
Materias:
Acceso en línea:Acceso restringido

MARC

LEADER 00000nam a22000007a 4500
005 2022081602412.0
007 cr|||| ||||
008 220816s2021 br |||||s|||| 00||0 por d
020 |a 978658935153-5 
035 |a 36824 
040 |a vLex 
090 |c 13698  |d 13698 
100 1 |a Araujo Junior, Julio Još 
245 1 0 |a Ministřio pb︢lico e movimentos sociais encontros e desencontros  |h [Recurso electrn̤ico] :  |b Por um compromisso com as lutas sociais e a democracia /  |c Julio Jos ̌Araujo Junior 
256 |a Servicio en ln̕ea 
260 |a Rio de Janeiro:  |b Editora Processo,  |c 2021 
300 |a 1 recurso electrn̤ico 
500 |a Refletir sobre o papel do Ministřio Pb︢lico na promoȯ̂ de direitos fundamentais ̌uma das minhas preocupaė̳s desde o dia em que ingressei na instituiȯ̂. Entender a funȯ̂ que a instituiȯ̂ pode e deve desempenhar para assegurar a efetivaȯ̂ da democracia e dos direitos dos grupos que mais precisam de seu apoio sempre me pareceu uma tarefa fundamental. Afinal, de que forma povos indg̕enas e quilombolas, a populaȯ̂ negra, os trabalhadores sem terra e sem teto, as mulheres, a populaȯ̂ LGBTQI+ e todos aqueles que se encontram em situaȯ̂ de flagrante inferioridade na garantia de direitos e na representaȯ̂ polt̕ica poderô ter no Ministřio Pb︢lico um verdadeiro parceiro e aliado? Por conta dessa inquietude, escrevi nos l︢timos anos alguns artigos a respeito do funcionamento do Ministřio Pb︢lico, com enfoques variados, que refletiam as minhas atribuiė̳s da p̌oca ou as afliė̳s de ocasiô. 
506 1 |a Disponible solo en los productos indicados  |d vLex Global  |d vLex Global (Academic Edition, excluding Law Schools)  |d vLex Global (U.S. Academic Edition, Law Schools)  |d vLex Global (U.S. Academic Edition, excluding Law Schools)  |d vLex Global (Academic Edition, Law Schools) 
650 0 4 |a Derecho Pb︢lico y Administrativo  |z Brasil 
740 0 |a vLex Libros (Servicio en ln̕ea) 
856 4 0 |u https://app.vlex.com/#/sources/36824  |z Acceso restringido 
942 |c BOOK 
999 0 |a Public and Administrative Law